| 000 | 00641nam a2200217 u 4500 | ||
|---|---|---|---|
| 005 | 20230310063623.0 | ||
| 008 | 160413s1997 r 000 0 eng d | ||
| 020 | _a8482370626 | ||
| 035 | _aUPN01000209462 | ||
| 049 | _aCG | ||
| 050 | 4 |
_aPR6052 R6.6 _bA2.6 |
|
| 100 | 1 |
_aBrookner, Anita, _d1928-2016 _938736 |
|
| 245 | 1 | 0 |
_aAcontecimientos perturbadores / _cAnita Brookner ; tr. Ersi-Marina Samará. |
| 260 |
_aBarcelona, Esp. : _bThassàlia, _c1997. |
||
| 300 | _a250 p. | ||
| 440 | 0 | _aThassàlia & fiction | |
| 534 |
_pTítulo original: _tAltered states |
||
| 650 | 4 |
_aNovela inglesa _94471 |
|
| 905 | _aLibro | ||
| 999 |
_c181563 _d181563 |
||